[Event "TCh-Euro Open Girls"]
[Site "Iasi ROU"]
[Date "2011.07.15"]
[Round "1.1"]
[White "Bulmaga,I"]
[Black "Gelip,I"]
[Result "1/2-1/2"]
[WhiteElo "2293"]
[BlackElo "1989"]

1.e4 c5 2.Nf3 d6 3.d4 cxd4 4.Nxd4 Nf6 5.Nc3 a6 6.Be3 e5 7.Nb3 Be7 8.f3 Be6
9.Qd2 O-O 10.O-O-O Nbd7 11.g4 Qc7 12.Qf2 b5 13.g5 Nh5 14.Kb1 Rac8 15.Nd5 Bxd5
16.exd5 f5 17.gxf6 Ndxf6 18.Qd2 Nd7 19.Na5 Nf4 20.c4 Nb6 21.Rc1 bxc4 22.Bxc4 Nxc4
23.Rxc4 Qd7 24.Nc6 Bg5 25.Rg1 Bh6 26.Qc2 Kh8 27.Bxf4 Bxf4 28.Ra4 Qh3 29.Rxa6 Bxh2
30.Rc1 Rxf3 31.Nxe5 Rf1 32.Rc6 Rcf8 33.Nd3 g5 34.Qc3+ Kg8 35.a4 g4 36.Rxf1 Qxf1+
37.Ka2 g3 38.Rc7 Qf6 39.Qc2 Rf7 40.Rc8+ Kg7 41.Rc4 Qf3 42.Qc3+ Kg6 43.Qc2 Kg7
44.Qc3+ Rf6 45.Qd4 h5 46.Rc2 h4 47.Ne1 Qf4 48.Rc7+ Kg6 49.Qa7 Rf7 50.Ng2 Qe4
51.Rxf7 Qxd5+ 52.Ka3 Qxf7 53.Nxh4+ Kf6 54.Qxf7+ Kxf7 55.b4 Ke6 56.b5 Kd7
57.Kb4 Kc7 58.Ng2 Bg1 59.a5 Bc5+ 60.Kc4 Kb7 61.Nf4 Ka7 62.Kc3 Be3 63.Ng2 Bc5
64.Kc4 Kb7 65.Kd5 Bb4 66.a6+ Kb6 67.Kc4 Bc5 68.Nf4 Ka7 69.Kd5 Kb6  1/2-1/2

[Event "Krapina Open"]
[Site "Krapina CRO"]
[Date "2011.07.15"]
[Round "8.1"]
[White "Jelecevic,I"]
[Black "Svrtan,Z"]
[Result "1-0"]
[WhiteElo "2181"]
[BlackElo "2046"]

1.e4 c5 2.Nf3 d6 3.d4 cxd4 4.Nxd4 Nf6 5.Nc3 a6 6.Be3 e6 7.g4 h6 8.f4 Qc7
9.g5 hxg5 10.fxg5 Ng8 11.g6 f6 12.Qg4 Ne7 13.Nxe6 Qd7 14.Nd5 Nxd5 15.exd5 Nc6
16.Qe4 Ne5 17.Bb6 Ke7 18.h4 Rh5 19.Be2 Rh6 20.h5 Rb8 21.Rh3 Qe8 22.Bd8+ Kd7
23.Rc3 Qxd8 24.Nxd8 Kxd8 25.O-O-O Be7 26.a4 b6 27.Rf1 Rh8 28.Qe3 Re8 29.a5 Nd7
30.Bg4 Bf8 31.Qf4 Re5 32.h6 gxh6 33.Bxd7 Kxd7 34.Qxf6 Be7 35.Qg7 Bb7 36.axb6 Rc8
37.Rxc8 Bxc8 38.Qh7  1-0

[Event "Opatija Summer Open"]
[Site "Opatija CRO"]
[Date "2011.07.15"]
[Round "5.2"]
[White "Plenca,J"]
[Black "Fercec,N"]
[Result "0-1"]
[WhiteElo "2339"]
[BlackElo "2450"]

1.e4 c5 2.Nf3 d6 3.d4 Nf6 4.Nc3 cxd4 5.Nxd4 a6 6.Be3 e5 7.Nb3 Be7 8.f3 Be6
9.Qd2 O-O 10.O-O-O a5 11.Bb5 Na6 12.Kb1 Nc7 13.Bb6 Qc8 14.Bxc7 Qxc7 15.a4 Rfd8
16.Nd5 Nxd5 17.exd5 Bd7 18.Qe2 Bxb5 19.Qxb5 Rdc8 20.Rd2 Ra6 21.f4 Bf6 22.Re1 Rb6
23.Qxa5 exf4 24.Re4 Bxb2 25.Ka2 Bc3 26.Rde2 Kf8 27.Qa7 Be5  0-1

[Event "Najdorf Memorial"]
[Site "Warsaw POL"]
[Date "2011.07.15"]
[Round "2.22"]
[White "Pietruszewski,M"]
[Black "Kempinski,R"]
[Result "0-1"]
[WhiteElo "2128"]
[BlackElo "2600"]

1.e4 c5 2.Nf3 d6 3.d4 cxd4 4.Nxd4 Nf6 5.Nc3 a6 6.Be3 e5 7.Nb3 Be7 8.Qd2 O-O
9.f3 Be6 10.O-O-O Nbd7 11.g4 Qc7 12.g5 Nh5 13.Kb1 g6 14.h4 b5 15.Nd5 Bxd5
16.exd5 Nb6 17.Bxb6 Qxb6 18.Na5 f6 19.Nc6 Rae8 20.gxf6 Bxf6 21.Bd3 Bg7 22.Be4 Rf4
23.Qg2 Qb7 24.Rdg1 Kh8 25.Qh3 Rf6 26.Rg5 Qf7 27.Qh2 Rf4 28.Qg1 Bh6 29.Rg4 Nf6
30.Rxf4 exf4 31.Qd4 Bg7 32.Qd3 Nd7 33.Qa3 Nc5 34.Rf1 Qf6 35.c3 Qxh4 36.Qa5 Qh2
37.Nd4 Nxe4 38.fxe4 Qg2 39.Rd1 Qxe4+ 40.Ka1 Qxd5  0-1

[Event "SPA Open A"]
[Site "Amsterdam NED"]
[Date "2011.07.17"]
[Round "9"]
[White "Kohler,Ar"]
[Black "Bosboom,M"]
[Result "1/2-1/2"]
[WhiteElo "2225"]
[BlackElo "2399"]

1.e4 c5 2.Nf3 d6 3.d4 cxd4 4.Nxd4 Nf6 5.Nc3 a6 6.Be3 h5 7.Bc4 e6 8.f3 Nc6
9.a3 Bd7 10.Qe2 Rc8 11.Nxc6 Bxc6 12.O-O-O Bd7 13.Bb3 Rxc3 14.bxc3 Qa5 15.Kb1 Be7
16.Bc1 O-O 17.c4 Rc8 18.Qd2 Qc7 19.Bb2 e5 20.Rhe1 a5 21.a4 Be6 22.Ba3 Rd8
23.Qc3 Rc8 24.Qd2  1/2-1/2

[Event "I Goi Mailako Centre GM"]
[Site "Donostia ESP"]
[Date "2011.07.17"]
[Round "6"]
[White "Gonzalez de la Torre,S"]
[Black "Franco Alonso,A"]
[Result "0-1"]
[WhiteElo "2460"]
[BlackElo "2452"]

1.e4 c5 2.Nf3 d6 3.d4 cxd4 4.Nxd4 Nf6 5.Nc3 a6 6.Be3 e5 7.Nb3 Be6 8.Qd2 Nbd7
9.f4 b5 10.f5 Bc4 11.Bxc4 bxc4 12.Nc1 Qb8 13.N1e2 Qb7 14.O-O-O Rb8 15.b3 Be7
16.Kb2 a5 17.Ka1 cxb3 18.cxb3 Nxe4 19.Nxe4 Qxe4 20.Ng3 Qb7 21.Nh5 O-O 22.Bh6 g6
23.f6 Nxf6 24.Nxf6+ Bxf6 25.Bxf8 Rxf8 26.Qxd6 Bg7 27.Rd5 Qc8 28.Qc5 Qf5 29.a4 Rc8
30.g4 Qxg4 31.Qxa5 e4+ 32.Kb1 Bc3 33.Rc1 Bxa5  0-1

[Event "St Pauli Open"]
[Site "Hamburg GER"]
[Date "2011.07.17"]
[Round "9.17"]
[White "Schroeder,Christo"]
[Black "Kramer,Julian"]
[Result "1/2-1/2"]
[WhiteElo "2247"]
[BlackElo "1926"]

1.e4 c5 2.Nf3 d6 3.d4 cxd4 4.Nxd4 Nf6 5.Nc3 a6 6.Be3 e5 7.Nb3 Be6 8.f3 Be7
9.Qd2 O-O 10.O-O-O Nbd7 11.g4 b5 12.g5 b4 13.Ne2 Ne8 14.f4 a5 15.f5 a4 16.fxe6 axb3
17.cxb3 fxe6 18.Kb1 Rxa2 19.Kxa2 Qa8+ 20.Kb1 Qxe4+ 21.Qd3 Qxh1 22.Bh3 Qc6
23.Bxe6+ Kh8 24.Bd5 Qc7 25.Qb5 Qd8 26.Be6 Nb8 27.Bb6 Nc7 28.Qc4 Nba6 29.Rc1 d5
30.Bxc7 dxc4 31.Bxd8 Rxd8 32.Bxc4 Nc5 33.h4 h6 34.gxh6 gxh6 35.h5 Bg5 36.Rg1 Ne4
37.Nc1 Nf2  1/2-1/2

[Event "III Corporation Cup A"]
[Site "Izhevsk RUS"]
[Date "2011.07.17"]
[Round "3"]
[White "Shurunov,As"]
[Black "Pushin,V"]
[Result "1-0"]
[WhiteElo "2216"]
[BlackElo "2430"]

1.e4 c5 2.Nf3 d6 3.d4 cxd4 4.Nxd4 Nf6 5.Nc3 a6 6.Be3 e5 7.Nf3 Be7 8.Bc4 O-O
9.O-O Nc6 10.Re1 Na5 11.Bb3 Be6 12.Qd3 Rc8 13.Rad1 Nc4 14.Bxc4 Bxc4 15.Qd2 h6
16.Qc1 Qa5 17.Nd2 Be6 18.Nb3 Qc7 19.f3 Rfd8 20.Re2 d5 21.exd5 Nxd5 22.Nxd5 Rxd5
23.Rxd5 Bxd5 24.Rd2 Be6 25.Qd1 Bf5 26.c3 Be6 27.Nc1 Qc6 28.Qe2 Qa4 29.a3 Bc4
30.Qd1 Qc6 31.Nd3 Qe6 32.Nb4 Bb3 33.Qe1 a5 34.Nd3 Bc4 35.Bf2 f6 36.h3 Qc6
37.Nf4 Bxa3 38.bxa3 exf4 39.Qe7 Rc7 40.Qd8+ Kh7 41.Rd6 Rc8 42.Rxc6 Rxd8 43.Rxc4 Rd1+
44.Kh2  1-0

[Event "3rd International Open"]
[Site "Rethymno GRE"]
[Date "2011.07.17"]
[Round "8"]
[White "Smith,T"]
[Black "Guramishvili,S"]
[Result "0-1"]
[WhiteElo "2149"]
[BlackElo "2329"]

1.e4 c5 2.Nf3 d6 3.d4 cxd4 4.Nxd4 Nf6 5.Nc3 a6 6.Be3 e5 7.Nb3 Be6 8.Qd2 Nbd7
9.f3 h5 10.O-O-O Be7 11.Kb1 b5 12.Qf2 Qc7 13.Rg1 b4 14.Nd5 Bxd5 15.exd5 a5
16.Bb5 a4 17.Nc1 a3 18.Bc6 Ra6 19.Qe2 Rxc6 20.dxc6 Qxc6 21.Rd3 axb2 22.Kxb2 O-O
23.g4 hxg4 24.fxg4 Nd5 25.g5 Nc5 26.Bxc5 Qxc5 27.Rg4 Nc3 28.Qf1 e4 29.Rdg3 Qe5
30.Kb3 Ra8 31.Nd3 Ra3+ 32.Kxb4 Qb5+ 33.Kxa3 d5+  0-1

[Event "Najdorf Memorial"]
[Site "Warsaw POL"]
[Date "2011.07.17"]
[Round "4.30"]
[White "Fuchs,Ju"]
[Black "Eggink,R"]
[Result "1/2-1/2"]
[WhiteElo "2246"]
[BlackElo "1941"]

1.e4 c5 2.Nf3 d6 3.d4 cxd4 4.Nxd4 Nf6 5.Nc3 a6 6.Be3 b5 7.f3 e5 8.Nb3 Be6
9.Qd2 d5 10.exd5 Nxd5 11.Nxd5 Qxd5 12.Qxd5 Bxd5 13.O-O-O Be6 14.Nc5 Bxc5
15.Bxc5 Nd7 16.Bd6 f6 17.Bd3 Rc8 18.Rhe1 Kf7 19.Be4 Nc5 20.Bxc5 Rxc5 21.Rd6 a5
22.Ra6 f5 23.Bd3 b4 24.b3 Rd8 25.Kb2 Rd4 26.Ra7+ Kf6 27.Ra6 Kf7 28.Ra7+ Kf6
29.Ra6 Kf7  1/2-1/2

[Event "15th Battle of Senta Open"]
[Site "Senta SRB"]
[Date "2011.07.18"]
[Round "4.7"]
[White "Domany,Z"]
[Black "Stankovic,Milo"]
[Result "0-1"]
[WhiteElo "2199"]
[BlackElo "2364"]

1.e4 c5 2.Nf3 d6 3.d4 cxd4 4.Nxd4 Nf6 5.Nc3 a6 6.Be3 e5 7.Nb3 Be6 8.f3 Be7
9.Qd2 O-O 10.O-O-O a5 11.a4 Na6 12.g4 Nb4 13.Kb1 d5 14.g5 Ne8 15.Nxd5 Bxd5
16.exd5 Qd7 17.Bb5 Qf5 18.Qg2 Nd6 19.Bd3 Nxd3 20.Rxd3 Rfc8 21.Bc5 b5 22.Bxd6 Bxd6
23.axb5 a4 24.Nc1 Qd7 25.Na2 Qxb5 26.Nc3 Qb6 27.Nd1 a3 28.b3 Qc5 29.Nc3 a2+
30.Nxa2 Rxa2 31.Kxa2 Qa3+ 32.Kb1 Ra8 33.c4 Qa1+  0-1

[Event "34th Taminco Open"]
[Site "Ghent BEL"]
[Date "2011.07.19"]
[Round "8.6"]
[White "Muhren,B"]
[Black "Sarrau,J"]
[Result "1/2-1/2"]
[WhiteElo "2307"]
[BlackElo "2239"]

1.e4 c5 2.Nf3 d6 3.d4 cxd4 4.Nxd4 Nf6 5.Nc3 a6 6.Be3 e5 7.Nf3 Be7 8.Bc4 O-O
9.O-O Be6 10.Qd3 Qc7 11.Bb3 Rc8 12.Rfd1 Nbd7 13.Bg5 b5 14.Rac1 Bc4 15.Bxc4 Qxc4
16.Bxf6 Nxf6 17.Nd5 Nxd5 18.Qxd5 g6 19.c3 Rab8 20.Rc2 Rb6 21.a3 Kg7 22.g4 Rc5
23.Qxc4 bxc4 24.Kg2 Kf6 25.Re2 Ke6 26.Kg3 Rcb5 27.Rdd2 Rb8 28.h4 h6 29.Kg2 Bd8
30.Kg3 Be7 31.Kg2 Bd8  1/2-1/2

[Event "2nd Girona Open"]
[Site "Girona ESP"]
[Date "2011.07.19"]
[Round "6"]
[White "Gimenez Aguirre,Ismael Alejo"]
[Black "Jimenez Ortiz,G"]
[Result "0-1"]
[WhiteElo "1712"]
[BlackElo "1899"]

1.e4 c5 2.Nf3 d6 3.d4 cxd4 4.Nxd4 Nf6 5.Nc3 a6 6.Be3 e5 7.Nde2 Be7 8.g3 Nbd7
9.Bg2 b5 10.O-O Bb7 11.h3 O-O 12.f4 Re8 13.f5 Nc5 14.Bxc5 dxc5 15.g4 h6 16.Qxd8 Raxd8
17.Rad1 c4 18.Nd5 Bc5+ 19.Kh1 Nxd5 20.exd5 Rd7 21.f6 g6 22.Nc3 Bd4 23.Ne4 Red8
24.c3 Ba7 25.d6 Bb8 26.Kh2 Bxe4 27.Bxe4 Rxd6 28.Bc2 Rd2+ 29.Kh1 Bc7 30.Rxd2 Rxd2
31.Be4 Rd6 32.Kg2 Bd8 33.Bc2 Bxf6 34.Rd1 Rb6 35.a3 Bg5 36.Kf3 Bf4 37.Ke4 Kg7
38.b3 Kf6 39.h4 Bg3 40.Rf1+ Ke6 41.g5 hxg5 42.hxg5 Bf4 43.Rg1 Rd6 44.bxc4 bxc4
45.Rg2 Rd2 46.Rxd2 Bxd2 47.Bd1 Bxg5 48.Be2 f5+ 49.Kf3 Kd5 50.Bd1 Bd2 51.Ba4 e4+
52.Ke2 Bxc3 53.Be8 g5 54.Bg6 f4 55.Bf7+ Kd4 56.a4 a5 57.Be6 Bb4 58.Kd1 f3
59.Bh3 e3  0-1

[Event "III Corporation Cup A"]
[Site "Izhevsk RUS"]
[Date "2011.07.19"]
[Round "5"]
[White "Fedorov,Alex"]
[Black "Kokarev,Dm"]
[Result "1/2-1/2"]
[WhiteElo "2598"]
[BlackElo "2596"]

1.e4 c5 2.Nf3 d6 3.d4 cxd4 4.Nxd4 Nf6 5.Nc3 a6 6.Be3 e5 7.Nf3 Be7 8.Bc4 O-O
9.O-O Nc6 10.Re1 b5 11.Bf1 Rb8 12.Bg5 Ng4 13.Bc1 Nf6 14.Bg5 Ng4 15.Bc1 Nf6
16.a3 Re8 17.Bg5 Ng4 18.Bc1 Nf6 19.Bg5 Ng4 20.Bc1 Nf6  1/2-1/2

[Event "2nd Vaujany Open A"]
[Site "Vaujany FRA"]
[Date "2011.07.19"]
[Round "6.8"]
[White "Szabo,G ROM"]
[Black "Di Nicolantonio,L"]
[Result "0-1"]
[WhiteElo "2551"]
[BlackElo "2325"]

1.e4 c5 2.Nf3 d6 3.d4 cxd4 4.Nxd4 Nf6 5.Nc3 a6 6.Be3 e6 7.f3 b5 8.Qd2 Nbd7
9.g4 Nb6 10.a4 Nc4 11.Bxc4 bxc4 12.a5 Bb7 13.Na4 d5 14.g5 Nd7 15.O-O-O Rc8
16.exd5 Bxd5 17.Qc3 Qc7  0-1

[Event "Najdorf Memorial"]
[Site "Warsaw POL"]
[Date "2011.07.19"]
[Round "6.25"]
[White "Pietruszewski,M"]
[Black "Janczarski,M"]
[Result "1-0"]
[WhiteElo "2128"]
[BlackElo "2316"]

1.e4 c5 2.Nf3 d6 3.d4 cxd4 4.Nxd4 Nf6 5.Nc3 a6 6.Be3 e6 7.f3 b5 8.Qd2 Qc7
9.g4 h6 10.O-O-O b4 11.Nce2 d5 12.e5 Nfd7 13.f4 h5 14.gxh5 Nb6 15.b3 Bd7
16.Kb1 a5 17.h6 g6 18.f5 gxf5 19.Nf4 Rxh6 20.Rg1 Rh8 21.Nxf5 Na6 22.Qf2 Nc8
23.Ng7+ Kd8 24.Nfxe6+ fxe6 25.Qf6+ Ne7 26.Nxe6+ Bxe6 27.Qxh8 Kd7 28.Bxa6 Rxa6
29.Qxf8 Nf5 30.Bc5 a4 31.Bd6 Qa7 32.Bb8 Qb7 33.Rg6 axb3 34.cxb3 Qc8 35.Rxd5+ Bxd5
36.Qxf5+ Be6 37.Rg7+ Kc6 38.Rc7+ Kb6 39.Qf2+  1-0

[Event "4th Paleohora Open"]
[Site "Paleochora GRE"]
[Date "2011.07.20"]
[Round "1"]
[White "Agnanti,Danai"]
[Black "Van Assendelft,F"]
[Result "0-1"]
[WhiteElo "1741"]
[BlackElo "2393"]

1.e4 c5 2.Nf3 d6 3.d4 cxd4 4.Nxd4 Nf6 5.Nc3 a6 6.Be3 e6 7.f3 b5 8.Qd2 Nbd7
9.g4 Nb6 10.O-O-O Bb7 11.Qf2 Nfd7 12.Bd3 Rc8 13.Nce2 Nc5 14.Kb1 Nba4 15.h4 Qc7
16.Ng3 d5 17.g5 Nxb2 18.Kxb2 Na4+ 19.Kb1 Nc3+ 20.Kc1 Qa5 21.Nb3 Nxa2+ 22.Kb1 Nc3+
23.Kc1 Ba3+ 24.Kd2 Nxd1+ 25.Kxd1 Qc7 26.Bb6 Qd6 27.Ke2 O-O 28.f4 dxe4 29.Nxe4 Bxe4
30.Bxe4 Rc4 31.Nd2 Ra4 32.h5 Rc8 33.Bxh7+ Kxh7 34.g6+ Kg8 35.Be3 Qd5 36.Rh2 Rxc2
37.gxf7+ Kxf7 38.h6 Bb4 39.Kd1 Qd3 40.Bd4 Raa2  0-1

[Event "Czech Open G Rapid"]
[Site "Pardubice CZE"]
[Date "2011.07.20"]
[Round "2.4"]
[White "Kononenko,Dmitry1"]
[Black "Oparin,G"]
[Result "1-0"]
[WhiteElo "2593"]
[BlackElo "2356"]

1.e4 c5 2.Nf3 d6 3.d4 cxd4 4.Nxd4 Nf6 5.Nc3 a6 6.Be3 e6 7.g4 b5 8.g5 Nfd7
9.f4 Bb7 10.Bg2 Nb6 11.Qf3 N8d7 12.O-O-O Rc8 13.f5 Ne5 14.Qh3 Rxc3 15.bxc3 Nbc4
16.Bf4 Qa5 17.Kb1 Na3+ 18.Ka1 exf5 19.Rhe1 Be7 20.Re2 O-O 21.exf5 Bxg2 22.Rxg2 Re8
23.Bxe5 dxe5 24.Nc6 Qc7 25.Nxe7+ Qxe7 26.f6 Qc5 27.Rgd2 Qc7 28.Rd7 Qb6 29.Rxf7 Kxf7
30.Qd7+ Kg6 31.Qxe8+ Kf5 32.f7  1-0

[Event "Landon Brownell Memorial"]
[Site "Los Angeles USA"]
[Date "2011.07.21"]
[Round "2"]
[White "Clawitter,C"]
[Black "Matikozian,A"]
[Result "0-1"]
[WhiteElo "2118"]
[BlackElo "2451"]

1.e4 c5 2.Nf3 d6 3.d4 cxd4 4.Nxd4 Nf6 5.Nc3 a6 6.Be3 e5 7.Nb3 Be6 8.f3 Nbd7
9.g4 b5 10.g5 Nh5 11.Qd2 Be7 12.O-O-O Nb6 13.Nd5 Nxd5 14.exd5 Bd7 15.Bd3 O-O
16.Rhg1 a5 17.Qg2 b4 18.Nd2 a4 19.Ne4 Kh8 20.f4 Nxf4 21.Bxf4 exf4 22.Rdf1 Qb6
23.Qf2 Qxf2 24.Rxf2 Ra5 25.c4 bxc3 26.Nxc3 f5 27.Rxf4 g6 28.a3 Rc8 29.Bc2 Bf8
30.Kb1 Rca8 31.Rc4 Bg7 32.Rc7 R8a7 33.Rxa7 Rxa7 34.Re1 Be5 35.h4 Kg7 36.Re3 f4
37.Re4 f3 38.Re3 Bg4 39.Nd1 Rf7 40.Nf2 Bd7 41.Re4 Bg3 42.Nh1 Bh2 43.Nf2 Bg1
44.Nd1 f2 45.Nxf2 Rxf2 46.Bxa4 Bf5  0-1

[Event "ch-PHI w"]
[Site "Manila PHI"]
[Date "2011.07.21"]
[Round "8"]
[White "Shania,Mae Mendoza"]
[Black "Mendoza,B"]
[Result "0-1"]
[WhiteElo "1788"]
[BlackElo "2054"]

1.e4 c5 2.Nf3 d6 3.d4 cxd4 4.Nxd4 Nf6 5.Nc3 a6 6.Be3 e5 7.Nb3 Be6 8.f3 Qc7
9.Qd2 Nbd7 10.O-O-O b5 11.g4 h6 12.h4 Nb6 13.Kb1 b4 14.Bxb6 Qxb6 15.Nd5 Nxd5
16.exd5 Bd7 17.Be2 a5 18.f4 a4 19.Nc1 b3 20.cxb3 axb3 21.Nxb3 exf4 22.Qxf4 Be7
23.Rdf1 O-O 24.g5 g6 25.Bd3 Ra4 26.Qf2 Qxf2 27.Rxf2 hxg5 28.Re2 Bf6 29.hxg5 Bxg5
30.Rg2 Bf6 31.Bc2 Rb8 32.Rf2 Be5 33.Rhf1 Bb5 34.Rg1 Bc4 35.Rd2 Rba8 36.a3 Rb8
37.Ka2 Ra5 38.Rgd1 Rab5 39.Rd3 Bxd3 40.Rxd3 Rc5 41.Bd1 Rc4 42.Rd2 Ra8 43.Be2 Rf4
44.Bb5 f5 45.Bc6 Ra7 46.Bb5 g5 47.Rg2 g4 48.Nd2 Rb4 49.a4 Rxb2+ 50.Ka3 Rxb5  0-1

[Event "4th Paleohora Open"]
[Site "Paleochora GRE"]
[Date "2011.07.21"]
[Round "2"]
[White "Sivuk,V"]
[Black "Tzouganakis,P"]
[Result "1-0"]
[WhiteElo "2422"]
[BlackElo "2086"]

1.e4 c5 2.Nf3 d6 3.d4 cxd4 4.Nxd4 Nf6 5.Nc3 a6 6.Be3 e6 7.f3 b5 8.Qd2 Nbd7
9.g4 h6 10.O-O-O b4 11.Nce2 Qc7 12.h4 d5 13.exd5 Nxd5 14.Nf4 N7b6 15.Nxd5 Nxd5
16.Bd3 Bc5 17.Bg1 Bb7 18.Be4 O-O-O 19.Qe1 Qb6 20.Nb3 Bxg1 21.Qxg1 Qxg1 22.Rhxg1 Nf4
23.Rde1 g5 24.Bxb7+ Kxb7 25.Re4 Kc6 26.Kb1 Kb5 27.Rc1 a5 28.a3 Rd5 29.c4+ bxc3
30.Rxc3 Rhd8 31.hxg5 hxg5 32.Rec4 R8d6 33.Nc5 Ne2 34.a4+ Kb6 35.Rb3+ Ka7
36.Rb7+ Ka8 37.Rb5 Rd1+ 38.Ka2 R6d4 39.Rxa5+ Kb8 40.Rb5+ Ka8 41.Rc2 R1d2
42.Rxd2 Rxd2 43.Ne4 Rd4 44.Ra5+ Kb7 45.Nxg5 Kb6 46.Rb5+ Kc6 47.Ka3 Rf4 48.Re5 Nd4
49.Re4 Rxe4 50.fxe4 f6 51.Nh7 f5 52.exf5 exf5 53.gxf5 Nxf5 54.Kb4 Kb6 55.Nf6 Ne7
56.Nd7+ Kc6 57.Ne5+ Kb6 58.Nc4+ Kc6 59.Ne3 Kb6 60.a5+ Ka6 61.Ka4 Nc6 62.Nc4 Nd4
63.Na3 Ne2 64.Nc2 Nf4 65.b4 Nd5 66.b5+ Kb7 67.Kb3 Nc7 68.Kc4 Ne6 69.Nd4 Nc7
70.Kc5 Kb8 71.Kc6 Ne8 72.Ne6 Kc8 73.a6 Kb8 74.b6 Ka8 75.Nc7+ Nxc7 76.bxc7 Ka7
77.c8=R  1-0

[Event "Najdorf Memorial"]
[Site "Warsaw POL"]
[Date "2011.07.21"]
[Round "7"]
[White "Jakubowski,K"]
[Black "Swiercz,D"]
[Result "0-1"]
[WhiteElo "2510"]
[BlackElo "2553"]

1.e4 c5 2.Nf3 d6 3.d4 cxd4 4.Nxd4 Nf6 5.Nc3 a6 6.Be3 e6 7.Be2 Qc7 8.a3 b5
9.g4 Bb7 10.f3 Nc6 11.g5 Nd7 12.f4 Nc5 13.Bf3 Be7 14.h4 Na5 15.Qe2 Nc4 16.O-O-O Na4
17.Nxa4 bxa4 18.h5 Rc8 19.c3 O-O 20.g6 Bf6 21.gxf7+ Qxf7 22.h6 g6 23.Rhf1 e5
24.fxe5 dxe5 25.Nc2 Nxb2 26.Kxb2 Qb3+ 27.Kc1 Rxc3 28.Bg4 Bxe4 29.Rd2 Rb8
30.Be6+ Qxe6 31.Ba7 Qa2  0-1

[Event "Najdorf Memorial"]
[Site "Warsaw POL"]
[Date "2011.07.21"]
[Round "8"]
[White "Jakubowski,K"]
[Black "Dragun,K"]
[Result "0-1"]
[WhiteElo "2510"]
[BlackElo "2428"]

1.e4 c5 2.Nf3 d6 3.d4 cxd4 4.Nxd4 Nf6 5.Nc3 a6 6.Be3 e6 7.a4 Be7 8.f4 Nc6
9.Be2 Qc7 10.O-O O-O 11.Kh1 Nxd4 12.Qxd4 e5 13.Qd2 exf4 14.Bxf4 Be6 15.Rfd1 Rfd8
16.Bf3 Ne8 17.a5 Bf6 18.Be3 Qe7 19.Nd5 Bxd5 20.Qxd5 Be5 21.g3 Nf6 22.Qb3 Re8
23.Ra4 Qd7 24.Rb4 Re7 25.Kg2 h6 26.c4 Qc6 27.Rb6 Qc7 28.Rc1 Rae8 29.c5 dxc5
30.Rxc5 Qb8 31.Rc4 Rc8 32.Rcb4 Rcc7 33.Rc4 Qc8 34.Rbb4 Bd6 35.Ra4 Be5 36.Bb6 Rxc4
37.Rxc4 Qe6 38.Qc2 Rd7 39.Rc8+ Kh7 40.Rd8 Qd6 41.Rxd7 Nxd7 42.Bf2 g6 43.Qb3 Bg7
44.Qxb7 Ne5 45.Be2 Qd2 46.Qxa6 Qc2 47.h3 Qxe4+ 48.Kh2 h5 49.Bd1 Qd5 50.Qe2 Qxa5
51.Be1 Qd5 52.b4 Nd3 53.Bd2 h4 54.g4 Be5+ 55.Kg1 Bd4+ 56.Kh2 Be5+ 57.Kg1 Bd4+
58.Kh2 Nf2 59.Qf3 Be5+ 60.Kg2 Qxd2 61.Be2 Nd1 62.Qxf7+ Bg7 63.Qf3 Nc3 64.Kf1 Qxe2+
65.Qxe2 Nxe2 66.Kxe2 Kh6 67.Kf3 Kg5 68.b5 Be5 69.Ke4 Bc7 70.Kd5 Kf4 71.Ke6 g5  0-1

[Event "Najdorf Memorial"]
[Site "Warsaw POL"]
[Date "2011.07.21"]
[Round "8"]
[White "Nasuta,G"]
[Black "Malisauskas,V"]
[Result "1-0"]
[WhiteElo "2237"]
[BlackElo "2477"]

1.e4 c5 2.Nf3 d6 3.d4 cxd4 4.Nxd4 Nf6 5.Nc3 a6 6.Be3 Ng4 7.Bg5 h6 8.Bh4 g5
9.Bg3 Bg7 10.Qd2 Nc6 11.Nb3 Be6 12.O-O-O Rc8 13.Nd5 Nce5 14.f3 Bxd5 15.exd5 Nf6
16.Bf2 Qd7 17.Kb1 Nc4 18.Bxc4 Rxc4 19.Rhe1 O-O 20.g4 Rfc8 21.c3 b5 22.Bd4 b4
23.cxb4 Rc2 24.Qd3 Nxd5 25.Bxg7 Nxb4 26.Qe3 Nxa2 27.Kxa2 Kxg7 28.Rc1 e5 29.Rxc2 Rxc2
30.Qe4 Rxh2 31.Rd1 Rf2 32.Qe3 Qa4+ 33.Kb1 Rh2 34.Rxd6 Rh1+ 35.Nc1 Qf4 36.Qxf4 gxf4
37.Kc2 Rf1 38.Nd3 f6 39.Rxa6 Rxf3 40.b4 e4 41.Nc5 Rf2+ 42.Kc3 e3 43.Nd3 Rf1
44.Re6 Kf7 45.Re4 f5 46.Rxf4 Rxf4 47.Nxf4 fxg4 48.Kd3 Ke7 49.Kxe3 Kd6 50.Kd4 g3
51.b5 h5 52.Ng2 Kc7 53.Kc5 Kb7 54.b6 Kb8 55.Kc6 Kc8 56.b7+ Kb8 57.Nh4  1-0

[Event "III Corporation Cup A"]
[Site "Izhevsk RUS"]
[Date "2011.07.22"]
[Round "7"]
[White "Gerasimov,I"]
[Black "Demianjuk,A"]
[Result "1/2-1/2"]
[WhiteElo "2350"]
[BlackElo "2317"]

1.e4 c5 2.Nf3 d6 3.d4 cxd4 4.Nxd4 Nf6 5.Nc3 a6 6.Be3 e5 7.Nf3 Qc7 8.a4 Be7
9.Be2 O-O 10.O-O b6 11.Bg5 Nbd7 12.Nh4 g6 13.g3 Bb7 14.Ng2 Rfe8 15.Bf3 Bf8
16.Ne3 h6 17.Bxf6 Nxf6 18.Ned5 Nxd5 19.Nxd5 Bxd5 20.Qxd5 Qc5 21.Qd3 b5 22.axb5 axb5
23.Be2 b4 24.Qb3 Rxa1 25.Rxa1 Rc8 26.Bd3 Kg7 27.Ra4 d5 28.Qxd5 Qc7 29.Ra5 Bc5
30.Rb5 Qe7 31.Kg2 Bd4 32.f4 Bxb2 33.fxe5 Rc7 34.Qd6 Bc3 35.Rb6 Kh7 36.e6 Qxd6
37.Rxd6 Kg7 38.exf7 Kxf7 39.Rb6 Re7 40.Bc4+ Kg7 41.Kf3 Rc7 42.Bb3 h5 43.Kf4 Re7
44.h3 Bd2+ 45.Kf3 Bc3 46.g4 hxg4+ 47.hxg4 Kh6 48.Be6 Kg5 49.Rb5+ Kf6 50.Bd5 Kg7
51.Ke3 Kh6 52.Bb3 Kg7 53.Rb6 Kh6 54.Rb5 Kg7 55.Kd3 Kh6 56.Rc5 Bb2 57.Ba4 Kg7
58.Bc6 Kh6 59.Kc4 Bc3 60.Bd5 Kg5 61.Rc6 Kxg4 62.Rxg6+ Kf4 63.Kc5 Rc7+ 64.Bc6 Ke5
65.Rg8 Ke6 66.Re8+ Re7 67.Bd5+ Kf6 68.Rf8+ Kg7 69.Rf5 Re8 70.Rf7+ Kg6 71.Rf1 Rd8
72.Rf5 Be1 73.Rf1 Bc3 74.Kc6 Kg7 75.Rf7+ Kg6 76.Rf5 Bd4 77.Kc7 Rh8 78.Bf7+ Kg7
79.Kd6 Rc8 80.Bb3 Rf8 81.Rb5 Rd8+ 82.Kc7 Re8 83.Bd5 Bc3 84.Kd7 Kf8 85.Bc6 Re5
86.Rb8+ Kg7 87.Kd6 Rh5 88.Rb7+ Kf6 89.Be8 Rh8 90.Rf7+ Kg5 91.Rf5+ Kh4 92.Bd7 Rb8
93.e5 b3 94.cxb3 Bxe5+ 95.Kxe5 Rxb3  1/2-1/2

[Event "Poznan Summer Open"]
[Site "Poznan POL"]
[Date "2011.07.24"]
[Round "9.23"]
[White "Kupsik,J"]
[Black "Raczynski,Krzysztof"]
[Result "1-0"]
[WhiteElo "1696"]
[BlackElo "1494"]

1.e4 c5 2.Nf3 d6 3.d4 cxd4 4.Nxd4 Nf6 5.Nc3 a6 6.Be3 e6 7.Be2 b5 8.a3 Bb7
9.f3 Nbd7 10.Qd2 Be7 11.Rd1 Rc8 12.O-O O-O 13.Bd3 d5 14.exd5 Nxd5 15.Nxd5 Bxd5
16.Qf2 Ne5 17.Be2 Bc4 18.Bxc4 Nxc4 19.Nxe6 Qe8 20.Nxf8 Qxf8 21.Bd4 f6 22.Kh1 Qf7
23.Rfe1 Bd6 24.Qe2 Qh5 25.Qe6+ Qf7 26.Bc3 Qxe6 27.Rxe6 Rd8 28.Bb4 Kf7 29.Rexd6 Nxd6
30.Rxd6 Rc8 31.c3 Re8 32.c4 Re2 33.Bc3 Rc2 34.h3 bxc4 35.Rxa6 h5 36.Rc6 f5
37.Rxc4 g5 38.a4 g4 39.hxg4 fxg4 40.fxg4 Rc1+ 41.Kh2 hxg4 42.a5 Rd1 43.Rxg4 Ke6
44.a6 Rd8 45.a7 Ra8 46.Rg7 Kd5 47.g4 Kc6 48.g5 Kb5 49.g6 Ka6 50.Bd4 Rd8 51.Bc3 Ra8
52.Rf7 Rxa7 53.Rxa7+ Kxa7 54.g7 Ka6 55.g8=Q Kb5 56.Qd5+ Ka4 57.b3+ Ka3 58.Qa5+  1-0

[Event "11th Curacao Open"]
[Site "Curacao AHO"]
[Date "2011.07.28"]
[Round "6"]
[White "Zepeda,L"]
[Black "Matoewi,R"]
[Result "1/2-1/2"]
[WhiteElo "2187"]
[BlackElo "2150"]

1.e4 c5 2.Nf3 d6 3.d4 cxd4 4.Nxd4 Nf6 5.Nc3 a6 6.Be3 e6 7.g4 d5 8.g5 Nxe4
9.Nxe4 dxe4 10.Bg2 e5 11.Ne2 Qxd1+ 12.Rxd1 Nc6 13.Bxe4 Be6 14.O-O Bb4 15.a3 Ba5
16.b3 Bh3 17.Bg2 Bg4 18.f3 Bf5 19.b4 Bd8 20.c4 O-O 21.f4 Be7 22.Bxc6 bxc6
23.fxe5 Bg4 24.Rf2 a5 25.Rb1 axb4 26.axb4 Ra3 27.Bc1 Rd3 28.Ng3 Rb8 29.Rfb2 Bh3
30.Kf2 Be6 31.c5 f6 32.exf6 gxf6 33.Ne4 f5 34.Nd6 Bd5 35.Re2 Bxd6 36.cxd6 Be4
37.Rbb2 Rd8 38.Re3 R3xd6 39.Rd3 Rxd3 40.Rd2 Rxd2+  1/2-1/2

[Event "ch-AUT"]
[Site "Linz AUT"]
[Date "2011.07.28"]
[Round "6"]
[White "Schachinger,M"]
[Black "Froewis,G"]
[Result "1/2-1/2"]
[WhiteElo "2360"]
[BlackElo "2329"]

1.e4 c5 2.Nf3 d6 3.d4 cxd4 4.Nxd4 Nf6 5.Nc3 a6 6.Be3 e5 7.Nb3 Be6 8.f3 Be7
9.Qd2 O-O 10.O-O-O Nbd7 11.g4 b5 12.g5 b4 13.Ne2 Ne8 14.f4 a5 15.f5 a4 16.fxe6 axb3
17.exf7+ Rxf7 18.cxb3 Rxa2 19.Ng3 Rxf1 20.Rhxf1 Ra1+ 21.Kc2 Qc8+ 22.Kd3 Qa6+
23.Kc2 Qc8+ 24.Kd3 Qa6+ 25.Kc2 Qc8+ 26.Kd3  1/2-1/2

[Event "ch-AUT"]
[Site "Linz AUT"]
[Date "2011.07.28"]
[Round "6"]
[White "Rieger,R"]
[Black "Sandhoefner,F"]
[Result "1/2-1/2"]
[WhiteElo "2150"]
[BlackElo "2270"]

1.e4 c5 2.Nf3 d6 3.d4 cxd4 4.Nxd4 Nf6 5.Nc3 a6 6.Be3 e6 7.f3 b5 8.Qd2 Bb7
9.a3 Nbd7 10.O-O-O Nb6 11.Kb1 Rc8 12.g4 Nfd7 13.Be2 Be7 14.g5 d5 15.exd5 Nxd5
16.Nxd5 Bxd5 17.Nf5 Bf8 18.Rhe1 g6 19.Bd4 Rg8 20.Ng3 Be7 21.f4 Qc7 22.Bc3 Kf8
23.Ba5 Nb6 24.Nf1 Nc4 25.Bxc7 Nxd2+ 26.Rxd2 Rxc7 27.Ne3 Bb7 28.Red1 Kg7 29.h4 Rgc8
30.Rg1 Be4 31.Bd3 Bc5 32.Re1 Bxd3 33.cxd3 Bxe3 34.Rxe3 Rc1+ 35.Ka2 Rh1 36.h5 Rxh5
37.Re4 h6 38.gxh6+ Kxh6 39.a4 Rf5 40.axb5 axb5 41.Rh2+ Rh5 42.Rg2 Rcc5 43.Kb3 Rh3
44.Rd2 Rf5 45.Kb4 Rh4 46.d4 Kh5 47.Re5 Rxf4 48.Kxb5 Rxe5+ 49.dxe5 Re4 50.Kc6 Rxe5
51.b4 Re1 52.Rb2 Rc1+ 53.Kd7 Ra1 54.b5 Ra7+ 55.Kc6 g5 56.b6 Ra6 57.Kb7 Ra4
58.Kb8 g4 59.b7 Rc4 60.Ka8  1/2-1/2